000 00245nam a2200097Ia 4500
001 640165
005 20250826153442.0
008 250824s9999 xx 000 0 und d
245 0 _a3 Kıyamet Mağarası
_c Kate McMullan
260 _bBEYAZ BALİNA
999 _c640165
_d640165